[Event "Hilversum op"]
[Site "Hilversum"]
[Date "2023.06.23"]
[Round "1"]
[White "Goudriaan, Etienne"]
[Black "Bik, Wouter"]
[Result "1/2-1/2"]
[WhiteElo "2332"]
[BlackElo "1986"]
[PlyCount "103"]
[EventDate "2023.06.23"]
[EventType "swiss"]
[EventRounds "6"]
[EventCountry "NED"]
[SourceTitle "CBM 214 Extra"]
[Source "ChessBase"]
[SourceDate "2023.07.31"]
[SourceVersion "1"]
[SourceVersionDate "2023.07.31"]
[SourceQuality "1"]

1. d4 g6 2. c4 Bg7 3. g3 d6 4. Bg2 Nf6 5. Nc3 0-0 6. Nf3 Nc6 7. 0-0 e5 8. dxe5 Nxe5 9. Nxe5 dxe5 10. Qxd8 Rxd8 11. Bg5 Rd4 12. Be3 Rxc4 13. Rfc1 Ng4 14. b3 Rxc3 15. Rxc3 e4 16. Bd2 e3 17. fxe3 Bxc3 18. Bxc3 Nxe3 19. Bf3 c6 20. Kf2 Ng4+ 21. Kg2 Be6 22. Bd4 a6 23. h3 Nh6 24. g4 Rd8 25. Bf6 Rd7 26. Kg3 Kf8 27. Rc1 Ng8 28. Bc3 f6 29. Rf1 Kf7 30. g5 f5 31. h4 Ne7 32. h5 Nd5 33. Be5 Ne3 34. Rh1 Bd5 35. hxg6+ hxg6 36. Rh8 Ke6 37. Bf6 Bxf3 38. exf3 f4+ 39. Kh3 Rd1 40. Re8+ Kf7 41. Re7+ Kf8 42. Kh2 Rd2+ 43. Kg1 Rg2+ 44. Kh1 Rf2 45. Rxb7 Rxf3 46. Rb6 Rf1+ 47. Kh2 Rf2+ 48. Kh1 Rxa2 49. Rxc6 f3 50. Rc8+ Kf7 51. Rc7+ Kf8 52. Rc8+ 1/2-1/2

[Event "Titled Tuesday intern op 28th Mar Early"]
[Site "Chess.com INT"]
[Date "2023.03.28"]
[Round "6"]
[White "Aveskulov, Valeriy"]
[Black "Goudriaan, Etienne"]
[Result "1-0"]
[WhiteElo "2509"]
[BlackElo "2331"]
[PlyCount "137"]
[EventDate "2023.03.28"]
[EventType "swiss (blitz)"]
[EventRounds "11"]
[EventCountry "USA"]
[SourceTitle "EXT 2024"]
[Source "ChessBase"]
[SourceDate "2023.10.10"]
[SourceVersion "1"]
[SourceVersionDate "2023.10.10"]
[SourceQuality "1"]

1. e4 c6 2. Nf3 d5 3. d3 dxe4 4. dxe4 Qxd1+ 5. Kxd1 Bg4 6. Be2 Nd7 7. Nc3 0-0-0 8. Nd2 Bxe2+ 9. Kxe2 g6 10. Nc4 Bg7 11. Bd2 Nb6 12. Na5 Nf6 13. Rhd1 Ng4 14. f3 Ne5 15. b3 h6 16. Be1 g5 17. Rxd8+ Rxd8 18. Rd1 Rxd1 19. Nxd1 Ng6 20. g3 e6 21. Ne3 Nd7 22. Bb4 Bd4 23. Nec4 c5 24. Bd2 Kc7 25. Ne3 Nde5 26. a4 b6 27. Nac4 Nxc4 28. Nxc4 Bg1 29. Kf1 Bd4 30. Ke2 f5 31. exf5 exf5 32. g4 fxg4 33. fxg4 Be5 34. h3 Kc6 35. Kf3 Kd5 36. Ne3+ Ke6 37. Nf5 Bf4 38. Bc3 Be5 39. Bd2 Bf4 40. Be1 Ne5+ 41. Ke4 Nf7 42. h4 Be5 43. h5 Nd6+ 44. Nxd6 Bxd6 45. Bc3 Bf8 46. Be5 a6 47. c4 Kd7 48. Kd5 Be7 49. Bg7 Bd8 50. Bxh6 Bf6 51. Bf8 Bh8 52. h6 Ke8 53. Bg7 Bxg7 54. hxg7 Kf7 55. Kc6 Kxg7 56. Kxb6 Kf6 57. Kxa6 Ke5 58. a5 Kf4 59. Kb5 Kxg4 60. a6 Kf3 61. a7 g4 62. a8Q+ Kf2 63. Qf8+ Kg2 64. Qg7 g3 65. Kxc5 Kf2 66. b4 g2 67. b5 g1Q 68. Qxg1+ Kxg1 69. b6 1-0

[Event "Titled Tuesday intern op 28th Mar Early"]
[Site "Chess.com INT"]
[Date "2023.03.28"]
[Round "3"]
[White "Movahed, Sina"]
[Black "Goudriaan, Etienne"]
[Result "1-0"]
[WhiteElo "2340"]
[BlackElo "2331"]
[PlyCount "57"]
[EventDate "2023.03.28"]
[EventType "swiss (blitz)"]
[EventRounds "11"]
[EventCountry "USA"]
[SourceTitle "EXT 2024"]
[Source "ChessBase"]
[SourceDate "2023.10.10"]
[SourceVersion "1"]
[SourceVersionDate "2023.10.10"]
[SourceQuality "1"]

1. Nf3 Nf6 2. g3 d5 3. Bg2 c5 4. 0-0 h6 5. c4 d4 6. b4 cxb4 7. a3 b3 8. Qxb3 Nc6 9. d3 e5 10. a4 a5 11. Ba3 Bb4 12. Bxb4 axb4 13. Nbd2 0-0 14. Ne1 Bg4 15. Nc2 Bxe2 16. Rfe1 Bg4 17. Nxb4 Na5 18. Qb2 Re8 19. Nd5 Nd7 20. Ne4 Ra6 21. c5 Be6 22. Nd6 Nxc5 23. Nxe8 Nxd3 24. Qa3 Nxe1 25. Ne7+ Kh8 26. Ng6+ Kh7 27. Qf8 Qxe8 28. Qxe8 Nxg2 29. Nf8+ 1-0

[Event "Titled Tuesday intern op 28th Mar Early"]
[Site "Chess.com INT"]
[Date "2023.03.28"]
[Round "4"]
[White "Sadhwani, Raunak"]
[Black "Goudriaan, Etienne"]
[Result "1-0"]
[WhiteElo "2627"]
[BlackElo "2331"]
[PlyCount "43"]
[EventDate "2023.03.28"]
[EventType "swiss (blitz)"]
[EventRounds "11"]
[EventCountry "USA"]
[SourceTitle "EXT 2024"]
[Source "ChessBase"]
[SourceDate "2023.10.10"]
[SourceVersion "1"]
[SourceVersionDate "2023.10.10"]
[SourceQuality "1"]

1. Nf3 d5 2. b3 c5 3. e3 Nc6 4. Bb2 a6 5. c4 d4 6. exd4 cxd4 7. g3 e5 8. d3 Bg4 9. Bg2 Bb4+ 10. Nbd2 Bc3 11. Rb1 Qa5 12. 0-0 Qxa2 13. h3 Bxf3 14. Nxf3 Bxb2 15. Qe2 Qa5 16. b4 Qxb4 17. Rxb2 Qe7 18. Rxb7 Qxb7 19. Nxe5 0-0-0 20. Qg4+ Kc7 21. Nxc6 Nf6 22. Qxg7 1-0

[Event "Titled Tuesday intern op 7th Mar Early"]
[Site "Chess.com INT"]
[Date "2023.03.07"]
[Round "4"]
[White "Bochnicka, Vladimir1111"]
[Black "Goudriaan, Etienne"]
[Result "1-0"]
[WhiteElo "2309"]
[BlackElo "2331"]
[PlyCount "89"]
[EventDate "2023.03.07"]
[EventType "swiss (blitz)"]
[EventRounds "11"]
[EventCountry "USA"]
[SourceTitle "EXT 2024"]
[Source "ChessBase"]
[SourceDate "2023.10.10"]
[SourceVersion "1"]
[SourceVersionDate "2023.10.10"]
[SourceQuality "1"]

1. e4 c5 2. Nf3 d6 3. d4 cxd4 4. Nxd4 Nf6 5. Nc3 a6 6. f3 g6 7. Be3 Bg7 8. Qd2 h5 9. 0-0-0 0-0 10. h4 b5 11. Be2 Bb7 12. Rdg1 b4 13. Nd1 a5 14. g4 Nc6 15. Nxc6 Bxc6 16. gxh5 Nxh5 17. Nf2 a4 18. f4 b3 19. cxb3 axb3 20. a3 Qc7 21. Kb1 Qb7 22. Qd3 Nf6 23. Bf3 d5 24. e5 Ne4 25. h5 Bb5 26. Qd4 Qc6 27. Rc1 Qe6 28. h6 Bh8 29. h7+ Kg7 30. f5 Qxf5 31. Bxe4 dxe4 32. Bh6+ Kxh7 33. Bxf8+ Kg8 34. Rxh8+ Kxh8 35. e6+ f6 36. Qe3 Rxf8 37. Rh1+ Kg8 38. Qh6 e3+ 39. Ka1 Qh5 40. Rxh5 gxh5 41. Qg6+ Kh8 42. Qxh5+ Kg8 43. Qg6+ Kh8 44. Qh6+ Kg8 45. Qxe3 1-0

[Event "Titled Tuesday intern op 7th Mar Early"]
[Site "Chess.com INT"]
[Date "2023.03.07"]
[Round "2"]
[White "Carlsen, Magnus"]
[Black "Goudriaan, Etienne"]
[Result "1-0"]
[WhiteElo "2852"]
[BlackElo "2331"]
[PlyCount "95"]
[EventDate "2023.03.07"]
[EventType "swiss (blitz)"]
[EventRounds "11"]
[EventCountry "USA"]
[SourceTitle "EXT 2024"]
[Source "ChessBase"]
[SourceDate "2023.10.10"]
[SourceVersion "1"]
[SourceVersionDate "2023.10.10"]
[SourceQuality "1"]

1. a3 d5 2. f4 Nc6 3. d4 Bf5 4. e3 Nf6 5. c4 e6 6. Nc3 a6 7. Nf3 Ne4 8. Bd3 Be7 9. 0-0 Qd7 10. cxd5 exd5 11. Ne5 Nxe5 12. fxe5 Bg6 13. Nxe4 Bxe4 14. Bxe4 dxe4 15. Qc2 c5 16. Qxe4 Rd8 17. Rd1 0-0 18. d5 Rfe8 19. Qf4 g5 20. Qg3 Qa4 21. Qf3 g4 22. b3 gxf3 23. bxa4 fxg2 24. Ra2 Kh8 25. Rxg2 Bf8 26. Bb2 Bg7 27. Rg5 h6 28. Rf5 Kg8 29. Kf2 Re7 30. Rg1 Kf8 31. d6 Re6 32. Kf3 b5 33. a5 Rb8 34. Ke4 b4 35. Rgf1 Rb7 36. Kd5 bxa3 37. Bxa3 Ke8 38. Bxc5 Rb5 39. Kc6 Bxe5 40. Rxe5 Rxe5 41. d7+ Kd8 42. Bb6+ Rxb6+ 43. axb6 Re6+ 44. Kb7 Kxd7 45. Ka7 Re7 46. b7 Kc6 47. Rf6+ Kb5 48. Rxa6 1-0

[Event "Titled Tuesday intern op 28th Feb Late"]
[Site "Chess.com INT"]
[Date "2023.02.28"]
[Round "4"]
[White "Leschinsky, Gary"]
[Black "Goudriaan, Etienne"]
[Result "1-0"]
[WhiteElo "1947"]
[BlackElo "2330"]
[PlyCount "77"]
[EventDate "2023.02.28"]
[EventType "swiss (blitz)"]
[EventRounds "11"]
[EventCountry "USA"]
[SourceTitle "CBM 213 Extra"]
[Source "ChessBase"]
[SourceDate "2023.05.31"]
[SourceVersion "1"]
[SourceVersionDate "2023.05.31"]
[SourceQuality "1"]

1. d4 Nf6 2. c4 e6 3. Nc3 Bb4 4. e3 0-0 5. Bd3 d5 6. cxd5 exd5 7. Nf3 Bd6 8. 0-0 Re8 9. Re1 b6 10. e4 dxe4 11. Nxe4 Bb7 12. Bg5 Nbd7 13. Qc2 h6 14. Bh4 Be7 15. Nxf6+ Nxf6 16. Bxf6 Bxf6 17. Rxe8+ Qxe8 18. Re1 Qc6 19. Qxc6 Bxc6 20. Ne5 Bd5 21. a3 Re8 22. f4 c5 23. dxc5 bxc5 24. Rc1 Rc8 25. Bc4 Bxc4 26. Rxc4 g5 27. g3 Kg7 28. b4 Be7 29. Nd3 Rd8 30. Nxc5 a5 31. bxa5 Rc8 32. Ne6+ fxe6 33. Rxc8 Bxa3 34. a6 Kf6 35. Kg2 gxf4 36. a7 fxg3 37. a8Q gxh2 38. Qxa3 h1Q+ 39. Kxh1 1-0

[Event "Bruges Masters"]
[Site "Bruges"]
[Date "2019.08.11"]
[Round "2"]
[White "De Waele, Warre"]
[Black "Goudriaan, Etienne"]
[Result "1/2-1/2"]
[WhiteElo "2225"]
[BlackElo "2341"]
[PlyCount "114"]
[EventDate "2019.08.11"]
[EventType "swiss"]
[EventRounds "9"]
[EventCountry "BEL"]
[SourceTitle "CBM 191 Extra"]
[Source "ChessBase"]
[SourceDate "2019.09.30"]
[SourceVersion "1"]
[SourceVersionDate "2019.09.30"]
[SourceQuality "1"]

1. d4 Nf6 2. c4 e6 3. Nf3 d5 4. g3 dxc4 5. Bg2 a6 6. 0-0 Nc6 7. e3 Rb8 8. Nfd2 e5 9. Bxc6+ bxc6 10. dxe5 Ng4 11. Nxc4 Be6 12. Nbd2 h5 13. f3 Rb4 14. fxg4 Bxc4 15. Nxc4 Qxd1 16. Rxd1 Rxc4 17. gxh5 Rxh5 18. b3 Rc2 19. Rd2 Rxd2 20. Bxd2 Rxe5 21. Rc1 Kd7 22. Kf2 Rh5 23. Kg2 Bc5 24. e4 Bb6 25. g4 Re5 26. Kf3 Re6 27. Bc3 Rh6 28. Rd1+ Ke6 29. Kg3 g5 30. Rd8 Be3 31. h3 Bf4+ 32. Kg2 Ke7 33. Rd4 c5 34. Rd5 Re6 35. e5 Rc6 36. Kf3 Rh6 37. Rxc5 Rxh3+ 38. Ke4 Kd7 39. Ba5 c6 40. Rc3 Rh2 41. Rd3+ Ke8 42. Bc7 Rxa2 43. Rd8+ Ke7 44. Ra8 Kd7 45. Bd6 f6 46. Ra7+ Kc8 47. Rc7+ Kd8 48. Rxc6 fxe5 49. Kd5 e4 50. Bxf4 gxf4 51. Kxe4 Ra3 52. Rb6 a5 53. Kxf4 a4 54. bxa4 Rxa4+ 55. Kg5 Ke7 56. Rf6 Rxg4+ 57. Kxg4 Kxf6 1/2-1/2

[Event "Bruges Masters"]
[Site "Bruges"]
[Date "2019.08.11"]
[Round "1"]
[White "Goudriaan, Etienne"]
[Black "Vandendriessche, Jan"]
[Result "1-0"]
[WhiteElo "2341"]
[BlackElo "2078"]
[PlyCount "91"]
[EventDate "2019.08.11"]
[EventType "swiss"]
[EventRounds "9"]
[EventCountry "BEL"]
[SourceTitle "CBM 191 Extra"]
[Source "ChessBase"]
[SourceDate "2019.09.30"]
[SourceVersion "1"]
[SourceVersionDate "2019.09.30"]
[SourceQuality "1"]

1. d4 g6 2. c4 Bg7 3. Nc3 d6 4. e4 Nf6 5. Nf3 0-0 6. h3 e5 7. d5 a5 8. g4 Na6 9. Be3 Nd7 10. Nd2 Ndc5 11. g5 c6 12. h4 Nb4 13. Bxc5 dxc5 14. a3 Na6 15. Qf3 Nc7 16. 0-0-0 cxd5 17. cxd5 Bd7 18. a4 Qe8 19. Nc4 Ra6 20. Na3 Bxa4 21. Nxa4 Qxa4 22. Bxa6 Nxa6 23. h5 c4 24. hxg6 hxg6 25. Rh4 Nc5 26. Kb1 c3 27. Rdh1 cxb2 28. Qh3 f6 29. gxf6 Bxf6 30. Rh8+ Kf7 31. Rxf8+ Kxf8 32. Qc8+ Kf7 33. Rh7+ Bg7 34. Qxc5 Qxe4+ 35. Kxb2 Kg8 36. Rh3 Qf5 37. Rb3 e4+ 38. Ka2 Qg4 39. Rxb7 Qd1 40. Qc8+ Kh7 41. Qh3+ Kg8 42. Rb8+ Bf8 43. Qe6+ Kg7 44. Rb7+ Kh6 45. Qh3+ Kg5 46. Qg3+ 1-0

[Event "Maastricht Limburg op-A 9th"]
[Site "Maastricht"]
[Date "2015.05.22"]
[Round "1"]
[White "Meijer, Dolf"]
[Black "Goudriaan, Etienne"]
[Result "0-1"]
[WhiteElo "2223"]
[BlackElo "2372"]
[PlyCount "122"]
[EventDate "2015.05.22"]
[EventType "swiss"]
[EventRounds "7"]
[EventCountry "NED"]
[SourceTitle "CBM 166 Extra"]
[Source "ChessBase"]
[SourceDate "2015.06.18"]
[SourceVersion "1"]
[SourceVersionDate "2015.06.18"]
[SourceQuality "1"]

1. e4 e5 2. Nf3 Nc6 3. Bb5 a6 4. Ba4 Nf6 5. 0-0 Be7 6. Re1 b5 7. Bb3 d6 8. c3 0-0 9. h3 Nb8 10. d3 Nbd7 11. Nbd2 Bb7 12. Nf1 Re8 13. Ng3 g6 14. Bh6 c6 15. Qd2 Nc5 16. Bc2 Ne6 17. Rad1 Qc7 18. Nf1 Bf8 19. N1h2 Qe7 20. d4 Rad8 21. Qe3 Nd7 22. Ng4 f6 23. Bb3 Kh8 24. dxe5 dxe5 25. Bxe6 Qxe6 26. Bxf8 Rxf8 27. Qa7 Rb8 28. Rd2 c5 29. Red1 Qb6 30. Qxb6 Nxb6 31. Rd6 Bxe4 32. Nxf6 Bxf3 33. gxf3 Kg7 34. Nd7 Nxd7 35. Rxd7+ Kh6 36. Kg2 Rf5 37. Re7 Rbf8 38. Rd3 c4 39. Re3 Rg5+ 40. Kh2 Rd8 41. R7xe5 Rd2 42. Rxg5 Kxg5 43. Re6 Rxf2+ 44. Kg3 Rxb2 45. Rxa6 Kf5 46. Rb6 Ke5 47. a4 Rb3 48. axb5 Rxc3 49. Rb8 Kd4 50. b6 Rb3 51. b7 Kc3 52. Kf4 Rb5 53. Ke3 Re5+ 54. Kf4 Re7 55. Kg5 Rf7 56. h4 Kb3 57. h5 gxh5 58. f4 c3 59. f5 c2 60. Rc8 Rxb7 61. f6 Kb2 0-1

[Event "Amsterdam Batavia Grolsch 7th"]
[Site "Amsterdam"]
[Date "2015.02.24"]
[Round "5"]
[White "Goudriaan, Etienne"]
[Black "Van Foreest, Jorden"]
[Result "0-1"]
[WhiteElo "2349"]
[BlackElo "2494"]
[PlyCount "46"]
[EventDate "2015.02.20"]
[EventType "tourn"]
[EventRounds "9"]
[EventCountry "NED"]
[EventCategory "8"]
[SourceTitle "CBM 165 Extra"]
[Source "ChessBase"]
[SourceDate "2015.04.21"]
[SourceVersion "1"]
[SourceVersionDate "2015.04.21"]
[SourceQuality "1"]

1. d4 d5 2. c4 c6 3. Nc3 Nf6 4. e3 Bf5 5. Qb3 Qb6 6. c5 Qc7 7. Nf3 Nbd7 8. Be2 e5 9. Bd2 Be7 10. h3 0-0 11. g4 Bg6 12. Nh4 Be4 13. Nxe4 Nxe4 14. Nf5 Rfe8 15. Bc3 exd4 16. Bxd4 Ndxc5 17. Qd1 Ne6 18. 0-0 Nxd4 19. Nxe7+ Qxe7 20. Qxd4 Qh4 21. Kg2 Re6 22. Bf3 Rh6 23. Rh1 Qxf2# 0-1

[Event "Amsterdam Batavia Grolsch 7th"]
[Site "Amsterdam"]
[Date "2015.02.23"]
[Round "4"]
[White "Heimann, Andreas"]
[Black "Goudriaan, Etienne"]
[Result "1/2-1/2"]
[WhiteElo "2539"]
[BlackElo "2349"]
[PlyCount "45"]
[EventDate "2015.02.20"]
[EventType "tourn"]
[EventRounds "9"]
[EventCountry "NED"]
[EventCategory "8"]
[SourceTitle "CBM 165 Extra"]
[Source "ChessBase"]
[SourceDate "2015.04.21"]
[SourceVersion "1"]
[SourceVersionDate "2015.04.21"]
[SourceQuality "1"]

1. d4 Nf6 2. c4 e6 3. Nf3 d5 4. Nc3 c6 5. e3 Nbd7 6. Qc2 Bd6 7. b3 0-0 8. Be2 e5 9. cxd5 Nxd5 10. Nxd5 cxd5 11. dxe5 Nxe5 12. Bb2 Nxf3+ 13. Bxf3 Bb4+ 14. Bc3 Qf6 15. Rc1 Bf5 16. Qd2 Bxc3 17. Rxc3 Rad8 18. 0-0 d4 19. Rc7 Rfe8 20. exd4 Rxd4 21. Qc3 h6 22. Bxb7 Re2 23. Rc4 1/2-1/2